[Event "AUTO-BEG-197"]
[Site "http://www.queenalice.com/game.php?id=414881"]
[Date "2008.6.8"]
[Round "2"]
[White "xSmashOrBeSmashedx"]
[Black "Pelaggio"]
[Result "1-0"]
[WhiteElo "1636"]
[BlackElo "1435"]

1. e4 e5 2. d4 d6 3. dxe5 dxe5 4. Qxd8+ Kxd8 5. Nf3 Nc6 6. Ng5 Be6 7. Nxe6+ fxe6
8. Bc4 Nf6 9. Bg5 Nd4 10. Bd3 Be7 11. c3 Nc6 12. O-O h6 13. Bd2 g5 14. h3 Kd7
15. Na3 Rag8 16. Nc4 h5 17. Ne3 g4 18. h4 Bc5 19. b4 Bxe3 20. Bxe3 a6 21. a4 Rg6
22. g3 Rg7 23. Rfd1 Kc8 24. b5 Na5 25. bxa6 bxa6 26. Bxa6+ Nb7 27. Rab1 c6 28.
Bg5 Nxe4 29. Bd2 Nxd2 30. Rxd2 e4 31. Re1 Rd7 32. Rxd7 Kxd7 33. Bxb7 Rb8 34. Ba6
Ra8 35. Bc4 Rxa4 36. Rxe4 Ra1+ 37. Kg2 Ra3 38. Bxe6+ Kd6 39. Re3 c5 40. Bf7 1-0

[Event "AUTO-BEG-197"]
[Site "http://www.queenalice.com/game.php?id=414882"]
[Date "2008.6.8"]
[Round "2"]
[White "Pelaggio"]
[Black "xSmashOrBeSmashedx"]
[Result "0-1"]
[WhiteElo "1446"]
[BlackElo "1577"]

1. e4 c5 2. Nc3 Nc6 3. Nf3 g6 4. Bc4 Nf6 5. O-O e6 6. e5 d5 7. Bb5 Nd7 8. d3 Bg7
9. Bg5 f6 10. exf6 Nxf6 11. Ne5 Qd6 12. Nxc6 bxc6 13. Ba4 O-O 14. Bxf6 Bxf6 15.
Qe2 Ba6 16. Rab1 c4 17. b3 cxd3 18. cxd3 Bxc3 19. Rbc1 Be5 20. g3 c5 21. Rfe1
Rf5 22. f4 Bd4+ 23. Kg2 Rc8 24. Qxe6+ Qxe6 25. Rxe6 Bxd3 26. Rd6 Re8 27. Bxe8
Be4+ 28. Kh3 Bf3 29. Bd7 Rh5# 0-1

[Event "AUTO-BEG-197"]
[Site "http://www.queenalice.com/game.php?id=414885"]
[Date "2008.6.8"]
[Round "2"]
[White "Paulo2008"]
[Black "Pelaggio"]
[Result "1-0"]
[WhiteElo "1676"]
[BlackElo "1457"]

1. d4 d5 2. Nf3 e6 3. e3 Nc6 4. Nbd2 Nf6 5. Bd3 Be7 6. Qe2 O-O 7. O-O a6 8. e4
dxe4 9. Nxe4 Nxe4 10. Qxe4 g6 11. c3 Bf6 12. Re1 Bg7 13. Bg5 Qe8 14. Qe3 f6 15.
Bh4 Ne7 16. Bc4 Nf5 17. Qe4 Nxh4 18. Qxh4 b5 19. Bb3 Bb7 20. Bxe6+ Kh8 21. Bg8
Qd8 22. Qxh7# 1-0

[Event "AUTO-BEG-197"]
[Site "http://www.queenalice.com/game.php?id=414886"]
[Date "2008.6.8"]
[Round "2"]
[White "Pelaggio"]
[Black "Paulo2008"]
[Result "0-1"]
[WhiteElo "1427"]
[BlackElo "1700"]

1. e4 e6 2. d4 d5 3. e5 c5 4. c3 Bd7 5. a4 Nc6 6. Nf3 f6 7. Bb5 fxe5 8. Bxc6
Bxc6 9. Nxe5 cxd4 10. Nxc6 bxc6 11. Qxd4 Nf6 12. Bg5 Be7 13. O-O O-O 14. Nd2 Rb8
15. b4 Nd7 16. Bxe7 Qxe7 17. Qxa7 Rbc8 18. b5 cxb5 19. axb5 Rxc3 20. b6 Qf7 21.
b7 Rc7 22. Rab1 Rb8 23. Qa5 Rcxb7 24. Rxb7 Rxb7 25. Rb1 Rxb1+ 26. Nxb1 Ne5 27.
f3 h6 28. Qa6 Nc4 29. Qc8+ Kh7 30. Nc3 Qa7+ 31. Kf1 Qa1+ 32. Kf2 Qxc3 33. Qxe6
Qd4+ 34. Kg3 Qe5+ 0-1

[Event "AUTO-BEG-197"]
[Site "http://www.queenalice.com/game.php?id=414887"]
[Date "2008.6.8"]
[Round "2"]
[White "lohitha2001"]
[Black "Pelaggio"]
[Result "0-1"]
[WhiteElo "1425"]
[BlackElo "1421"]

1. d4 d5 2. Nf3 Nf6 3. g3 e6 4. Bg2 h6 5. h3 Nc6 6. Nc3 Bb4 7. Bd2 O-O 8. a3
Bxc3 9. Bxc3 Ne4 10. O-O Nxc3 11. bxc3 a5 12. Re1 b5 13. Rb1 Ba6 14. e4 Re8 15.
e5 Ne7 16. g4 Rb8 17. Re3 c6 18. Qd2 Qd7 19. Kh2 Qc7 20. Ne1 c5 21. dxc5 Qxc5
0-1

[Event "AUTO-BEG-197"]
[Site "http://www.queenalice.com/game.php?id=414888"]
[Date "2008.6.8"]
[Round "2"]
[White "Pelaggio"]
[Black "lohitha2001"]
[Result "1-0"]
[WhiteElo "1403"]
[BlackElo "1443"]

1. e4 d6 2. d4 Nf6 3. Nc3 c6 4. Nf3 Bg4 5. Be2 Nbd7 6. O-O e5 7. dxe5 Bxf3 8.
Bxf3 dxe5 9. a3 a6 10. b4 b5 11. Be3 g6 12. Ne2 h6 13. c3 Bg7 14. a4 O-O 15. a5
Qc7 16. Qd2 Rad8 17. Bxh6 Nh7 18. Bxg7 Kxg7 19. Rad1 Nc5 20. Qc2 Rde8 21. c4 1-0

[Event "QA-ANNIV-04"]
[Site "http://www.queenalice.com/game.php?id=418362"]
[Date "2008.6.16"]
[Round "1"]
[White "Pelaggio"]
[Black "chesplayer"]
[Result "1-0"]
[WhiteElo "1422"]
[BlackElo "1625"]

1. e4 e5 2. Nf3 Nc6 3. Bc4 Bc5 4. O-O Qf6 5. c3 Nge7 6. d3 O-O 7. Bg5 Qg6 8. Qd2
d6 9. Bxe7 Nxe7 10. Nh4 Qg4 11. g3 Qh3 12. Ng2 Bg4 13. b4 Bf3 14. Nh4 Qg4 15.
bxc5 Ng6 16. Nxf3 Qxf3 17. cxd6 cxd6 18. Re1 h5 19. Qe3 Qg4 20. Qe2 Qh3 21. Qf1
Qd7 22. d4 Rac8 23. Nd2 Qg4 24. Qe2 Qh3 25. Qf1 Qd7 26. Qe2 h4 27. Kg2 hxg3 28.
fxg3 exd4 29. cxd4 a6 30. Rab1 b5 31. Bd5 Rfe8 32. Rf1 Rc2 33. Bxf7+ Kh7 34.
Qh5# 1-0

[Event "AUTO-BEG-195"]
[Site "http://www.queenalice.com/game.php?id=425027"]
[Date "2008.6.29"]
[Round "2"]
[White "Pelaggio"]
[Black "pjanderson"]
[Result "1/2-1/2"]
[WhiteElo "1521"]
[BlackElo "1775"]

1. e4 c5 2. Nf3 a6 3. Bc4 b5 4. Bd5 Ra7 5. a3 Bb7 6. Bxb7 Rxb7 7. d3 Nf6 8. O-O
Qa5 9. Bd2 b4 10. c3 bxa3 11. Rxa3 Qb6 12. Ra2 Nc6 13. b3 c4 14. dxc4 Qxb3 15.
Qxb3 Rxb3 16. Rxa6 e5 17. Ra8+ Rb8 18. Rxb8+ Nxb8 19. Nxe5 Bd6 20. Bf4 Bxe5 21.
Bxe5 Nc6 22. Bxf6 gxf6 23. h3 O-O 24. Nd2 Ne5 25. f4 Nd3 26. Rf3 Ne1 27. Rg3+
Kh8 28. Nf3 Nc2 29. f5 Rc8 30. Nd2 Na3 31. Rd3 Rc7 32. Rd4 Nc2 33. Rd6 Kg7 34.
h4 h5 35. Kf2 Na3 36. Kf3 Nxc4 37. Nxc4 Rxc4 38. Rxd7 Rxc3+ 39. Kf4 Rc2 40. g3
Rc3 41. Rd5 Kf8 42. Rd8+ Kg7 43. g4 Rh3 44. gxh5 Rxh4+ 45. Ke3 Rxh5 46. Rd2 Kf8
47. Rd8+ Ke7 48. Ra8 Rh3+ 49. Kd4 Rb3 50. Ra7+ Kf8 51. Ra6 Kg7 52. Ra5 Rb4+ 53.
Kd5 Rb7 54. e5 Rd7+ 55. Ke4 Re7 56. Kd4 Rd7+ 57. Ke4 fxe5 58. Rxe5 f6 59. Rd5
Ra7 60. Rd4 Ra5 61. Rd7+ Kf8 62. Rd5 Ra4+ 63. Rd4 Ra1 64. Rd8+ Ke7 65. Rd5 Re1+
66. Kd4 Rh1 67. Ke4 Rh4+ 68. Kf3 Kf8 69. Kg3 Ra4 70. Rd6 Ke7 71. Rb6 Re4 72. Kf3
Re5 73. Kf4 Kf7 74. Rb7+ Kg8 75. Rb6 Kf7 76. Rb7+ Kg8 1/2-1/2

[Event "AUTO-BEG-195"]
[Site "http://www.queenalice.com/game.php?id=425028"]
[Date "2008.6.29"]
[Round "2"]
[White "pjanderson"]
[Black "Pelaggio"]
[Result "1-0"]
[WhiteElo "1754"]
[BlackElo "1437"]

1. e4 e6 2. d4 d6 3. c4 g6 4. b4 Bg7 5. Nf3 Ne7 6. e5 dxe5 7. dxe5 Qxd1+ 8. Kxd1
O-O 9. Bd3 b6 10. Ba3 Bb7 11. b5 Bxf3+ 12. gxf3 Bxe5 13. Bxe7 Bxa1 14. Bxf8 Kxf8
15. Nd2 c6 16. Kc2 cxb5 17. Be4 Nc6 18. Bxc6 Rc8 19. Bxb5 Bd4 20. Ne4 Ke7 21.
Rd1 e5 22. f4 f6 23. fxe5 Bxe5 24. Rd7+ Ke6 25. h4 f5 26. Ng5+ Kf6 27. Rf7# 1-0

[Event "AUTO-BEG-195"]
[Site "http://www.queenalice.com/game.php?id=425029"]
[Date "2008.6.29"]
[Round "2"]
[White "Pelaggio"]
[Black "xSmashOrBeSmashedx"]
[Result "0-1"]
[WhiteElo "1408"]
[BlackElo "1686"]

1. d4 e5 2. dxe5 Nc6 3. e6 fxe6 4. e3 Nf6 5. Nf3 b6 6. Bd3 Bb7 7. O-O Bc5 8. a3
d5 9. b4 Bd6 10. c4 O-O 11. Bb2 e5 12. Bc2 Qe7 13. Ng5 e4 14. cxd5 Ne5 15. Nxe4
Nxe4 16. Bxe4 Nc4 17. Qc2 Nxb2 18. f3 Qe5 19. Nc3 Qxh2+ 20. Kf2 Bg3+ 21. Ke2
Qxg2+ 0-1

[Event "AUTO-BEG-195"]
[Site "http://www.queenalice.com/game.php?id=425030"]
[Date "2008.6.29"]
[Round "2"]
[White "xSmashOrBeSmashedx"]
[Black "Pelaggio"]
[Result "0-1"]
[WhiteElo "1722"]
[BlackElo "1434"]

1. e4 e6 2. d4 d6 3. Nf3 Nc6 4. g3 g6 5. Bg2 Bg7 6. O-O Nge7 7. c3 O-O 8. Bg5
Qe8 9. Nbd2 f6 10. Bf4 e5 11. dxe5 fxe5 12. Bg5 Be6 13. b4 b5 14. a4 a6 15. axb5
axb5 16. Nb3 Rxa1 17. Nxa1 d5 18. Qb3 Qd7 19. Rd1 Bf6 20. Nc2 d4 21. Qa3 Kg7 22.
Qc1 Rf7 23. Ne3 Bxg5 24. Nxg5 Rf8 25. Nxe6+ Qxe6 26. cxd4 Nxd4 27. Qxc7 Rf7 28.
Qc5 Ne2+ 29. Kf1 Nd4 30. Nd5 Nxd5 31. exd5 Qf5 32. d6 Qxf2# 0-1